000 01012nam a2200265Ia 4500
003 OSt
005 20221005104010.0
006 a|||||r|||| 00| 0
007 ta
008 221004b |||||||| |||| 00| 0 hin d
020 _a9788179171974 (hbk)
_cINR 875.00
024 _a66206
037 _bGV719, 09/03/2020, Vani Prakashan
_cTextual
040 _aCRL
_cCRL
_bhin
041 _2hin
_ahin
082 _aQ2:31, 152Q7
100 _aचट्टोपाध्याय, देवी प्रसाद, ले.
_9623739
245 0 _aभारतीय निरीश्वरवाद
246 _aBhāratīya nirīshvaravāda
260 _aदिल्ली
_bग्रंथ शिल्पी भारत
_c2017
300 _a288पृ0
_ccm.
650 _aअर्थशास्त्र
942 _hQ2:31, 152Q7
_cTEXL
_2cc
999 _c1011455
_d1011455